Catalog

Record Details

Catalog Search



Available copies

  • 4 of 4 copies available at LARL/NWRL Consortium.
  • 1 of 1 copy available at Northwest Regional Library. (Show)

Current holds

0 current holds with 4 total copies.

Show Only Available Copies
Location Call Number / Copy Notes Barcode Shelving Location Status Due Date
Karlstad LINK Site e LIO (Text) 35500006560112 Main Available -
Hawley Public Library E L (Text) 33500013560776 Main Available -
McIntosh Public Library E L (Text) 33500013819081 Main Available -
Moorhead Public Library E L (Text) 33500013560768 Main Available -

Record details

  • ISBN: 9780593374757
  • ISBN: 0593374754
  • ISBN: 9780593374764
  • ISBN: 0593374762
  • Physical Description: 1 volume (unpaged) : color illustrations ; 28 cm.
  • Publisher: New York : Alfred A. Knopf Books for Young Readers, 2022.

Content descriptions

Summary, etc.:
"Two mice talk about where the seasons come ... Read More
Target Audience Note:
Ages 3-7 Alfred A. Knopf Books for Young Readers.
Grades K-1 Alfred A. Knopf Books for Young ... Read More
Subject: Seasons > Fiction.
Mice > Fiction.
LDR 01269nam a22003978i 4500
001375692
003LARL_NWRL_CONSORTIUM
00520220303182621.0
008210329t20221967nyu b 000 1 eng
010 . ‡a 2021007883
040 . ‡aDLC ‡beng ‡erda ‡cDLC ‡dOCLCO
020 . ‡a9780593374757 ‡q(hardcover)
020 . ‡a0593374754
020 . ‡a9780593374764 ‡q(library binding)
020 . ‡a0593374762
035 . ‡a(OCoLC)1243910218
042 . ‡apcc ‡alcac
08200. ‡a[E] ‡223
1001 . ‡aLionni, Leo, ‡d1910-1999, ‡eauthor, ‡eillustrator. ‡0(LARL_NWRL_CONSORTIUM)55080
24510. ‡aMouse seasons / ‡cLeo Lionni.
264 1. ‡aNew York : ‡bAlfred A. Knopf Books for Young Readers, ‡c2022.
264 4. ‡a©1967
300 . ‡a1 volume (unpaged) : ‡bcolor illustrations ; ‡c28 cm.
336 . ‡atext ‡btxt ‡2rdacontent
336 . ‡astill image ‡2rdacontent
337 . ‡aunmediated ‡bn ‡2rdamedia
338 . ‡avolume ‡bnc ‡2rdacarrier
521 . ‡aAges 3-7 ‡bAlfred A. Knopf Books for Young Readers.
521 . ‡aGrades K-1 ‡bAlfred A. Knopf Books for Young Readers.
520 . ‡a"Two mice talk about where the seasons come from"-- ‡cProvided by publisher.
650 1. ‡aSeasons ‡vFiction.
650 1. ‡aMice ‡vFiction.
905 . ‡uvanderl
901 . ‡a375692 ‡b ‡c375692 ‡tbiblio ‡soclc

Additional Resources